| 000 | 00801nam a2200217Ia 4500 | ||
|---|---|---|---|
| 003 | GCL | ||
| 008 | 140319s9999 xx 000 0 ara d | ||
| 040 |
_aGCL / _cGCL |
||
| 082 | 0 | 4 |
_a953.07393 _bس ر |
| 100 | 1 | _aسعدون عباس نصرالله | |
| 245 | 1 | 0 |
_aرحيل الصليبين عن الشرق فى العصور الوسطى / _cسعدون عباس نصرالله |
| 260 |
_aبيروت : _bدار النهضة العربية ، _c1995 |
||
| 300 |
_a141 ص ؛ _c24 سم |
||
| 490 |
_a100 قصة _v0 |
||
| 650 | 0 | 4 | _aالحروب الصليبية |
| 650 | 0 | 4 | _aالتاريخ الاسلامى |
| 650 | 0 | 4 | _aالحروب الصليبية فى فلسطين والشام |
| 650 | 0 | 4 | _aالحروب الصليبية فى مصر |
| 650 | 0 | 4 | _aالعصور الوسطى |
| 942 |
_2ddc _cBK |
||
| 999 |
_c45674 _d45674 |
||